Bullarii romani continuatio
Gespeichert in:
| 1. Verfasser: | |
|---|---|
| Format: | Buch |
| Sprache: | Latein |
| Veröffentlicht: |
Roma
Prati
1842
|
| Ausgabe: | 1a. ed |
| Schlagworte: | |
| Tags: |
Tag hinzufügen
Keine Tags, Fügen Sie den ersten Tag hinzu!
|
MARC
| LEADER | 00000cam a2200000 a 4500 | ||
|---|---|---|---|
| 001 | UCD2261 | ||
| 003 | CL-VaPUC | ||
| 008 | 160421e18420000it |||||||||||||||||lat|d | ||
| 082 | 0 | 4 | |a 262.3934 |b BEN |2 21 |
| 100 | 0 | |a Benedicti XIV |e author |9 585576 | |
| 245 | 1 | 0 | |a Bullarii romani continuatio |
| 250 | |a 1a. ed | ||
| 300 | |a t | ||
| 942 | |c BK | ||
| 945 | |d 20160421 23:07:00 |a dcastane | ||
| 260 | |a Roma |b Prati |c 1842 | ||
| 500 | |a t.18 p.1: Clementis XIII | ||
| 500 | |a t.18 p.2: Clementis XIII | ||
| 500 | |a t.19: Clementis XIV | ||
| 500 | |a t.20 p.1: Pii VI | ||
| 500 | |a t.20 p.2: Pii VI | ||
| 500 | |a t.20 p.3: Pii VI | ||
| 500 | |a t.21 p.1: Pii VII | ||
| 500 | |a t.21 p.2: Pii VII | ||
| 500 | |a t.22: Leonis XII | ||
| 500 | |a t.23: Pii VIII | ||
| 600 | 0 | 7 | |a CLEMENTE DE ALEJANDRIA |2 CL-VaPUC |9 349333 |
| 600 | 0 | 7 | |a CLEMENTE XIV |2 CL-VaPUC |9 433042 |
| 600 | 0 | 7 | |a PIO VII |2 CL-VaPUC |9 432901 |
| 600 | 0 | 7 | |a LEON XII |2 CL-VaPUC |9 442480 |
| 650 | 0 | |a Patrística |9 322007 | |
| 650 | 0 | |a Patrología |9 349346 | |
| 650 | 0 | |a Padres de la Iglesia |9 313352 | |
| 583 | |a last modification |c 20160421 23:07:00 |k Rodrigo Vera | ||
| 999 | |c 363424 |d 363422 | ||
| 952 | |0 0 |1 0 |3 erd |4 0 |6 262_393400000000000_BEN_1842 |7 0 |8 X |9 475687 |a BIBTEO |b BIBTEO |c TEO_FFR |h t.18 p.1 |i 5224349 |o 262.3934 BEN 1842 |p 5224349 |r 2024-01-18 |w 2019-11-24 |y BK_X |z Catalogado en:20160421 |k OFM | ||
| 952 | |0 0 |1 0 |3 erd |4 0 |6 262_393400000000000_BEN_1842 |7 0 |8 X |9 475688 |a BIBTEO |b BIBTEO |c TEO_FFR |h t.18 p.2 |i 5224357 |o 262.3934 BEN 1842 |p 5224357 |r 2024-01-18 |w 2019-11-24 |y BK_X |z Catalogado en:20160421 |k OFM | ||
| 952 | |0 0 |1 0 |3 erd |4 0 |6 262_393400000000000_BEN_1842 |7 0 |8 X |9 475689 |a BIBTEO |b BIBTEO |c TEO_FFR |h t.19 |i 5224365 |o 262.3934 BEN 1842 |p 5224365 |r 2024-01-18 |w 2019-11-24 |y BK_X |z Catalogado en:20160421 |k OFM | ||
| 952 | |0 0 |1 0 |3 erd |4 0 |6 262_393400000000000_BEN_1842 |7 0 |8 X |9 475690 |a BIBTEO |b BIBTEO |c TEO_FFR |h t.20 p.1 |i 5224403 |o 262.3934 BEN 1842 |p 5224403 |r 2024-01-18 |w 2019-11-24 |y BK_X |z Catalogado en:20160421 |k OFM | ||
| 952 | |0 0 |1 0 |3 erd |4 0 |6 262_393400000000000_BEN_1842 |7 0 |8 X |9 475691 |a BIBTEO |b BIBTEO |c TEO_FFR |h t.20 p.2 |i 5224411 |o 262.3934 BEN 1842 |p 5224411 |r 2024-01-18 |w 2019-11-24 |y BK_X |z Catalogado en:20160421 |k OFM | ||
| 952 | |0 0 |1 0 |3 erd |4 0 |6 262_393400000000000_BEN_1842 |7 0 |8 X |9 475692 |a BIBTEO |b BIBTEO |c TEO_FFR |h t.20 p.3 |i 5224373 |o 262.3934 BEN 1842 |p 5224373 |r 2024-01-18 |w 2019-11-24 |y BK_X |z Catalogado en:20160421 |k OFM | ||
| 952 | |0 0 |1 0 |3 erd |4 0 |6 262_393400000000000_BEN_1842 |7 0 |8 X |9 475693 |a BIBTEO |b BIBTEO |c TEO_FFR |h t.21 p.1 |i 5224381 |o 262.3934 BEN 1842 |p 5224381 |r 2024-01-18 |w 2019-11-24 |y BK_X |z Catalogado en:20160421 |k OFM | ||
| 952 | |0 0 |1 0 |3 erd |4 0 |6 262_393400000000000_BEN_1842 |7 0 |8 X |9 475694 |a BIBTEO |b BIBTEO |c TEO_FFR |h t.21 p.2 |i 522439K |o 262.3934 BEN 1842 |p 522439K |r 2024-01-18 |w 2019-11-24 |y BK_X |z Catalogado en:20160421 |k OFM | ||
| 952 | |0 0 |1 0 |3 erd |4 0 |6 262_393400000000000_BEN_1842 |7 0 |8 X |9 475695 |a BIBTEO |b BIBTEO |c TEO_FFR |h t.22 |i 522442K |o 262.3934 BEN 1842 |p 522442K |r 2024-01-18 |w 2019-11-24 |y BK_X |z Catalogado en:20160421 |k OFM | ||
| 952 | |0 0 |1 0 |3 erd |4 0 |6 262_393400000000000_BEN_1842 |7 0 |8 X |9 475696 |a BIBTEO |b BIBTEO |c TEO_FFR |h t.23 |i 5224438 |o 262.3934 BEN 1842 |p 5224438 |r 2024-01-18 |w 2019-11-24 |y BK_X |z Catalogado en:20160421 |k OFM | ||